| 000 | 00760cam a2200229 a 4500 | ||
|---|---|---|---|
| 001 | 000013039 | ||
| 005 | 20200929163127.0 | ||
| 008 | 760609s1978 pr a b s000 0 spa d | ||
| 020 | _a0847722147 | ||
| 040 |
_aDO-SdBNP _bspa _cLC _dBNPHU |
||
| 082 |
_a972.95 _bR175g, 1978 |
||
| 100 | 1 |
_aRamos de Santiago, Carmen. _930137 |
|
| 245 | 1 | 3 |
_aEl gobierno de Puerto Rico / _cCarmen Ramos de Santiago. |
| 250 | _a2a ed. | ||
| 260 |
_a[San Juan] : _bUniversitaria, Universidad de Puerto Rico, _c1978. |
||
| 300 |
_a813 p. : _bil. ; _c24 cm. |
||
| 504 | _aBibliografía: p. 771-775. | ||
| 651 | 4 |
_aPuerto Rico _xPolítica Y Gobierno _y1952-1998. _916163 |
|
| 651 | 4 |
_aPuerto Rico _zHistoria Constitucional _930138 |
|
| 910 | _aCatalogación derivada | ||
| 049 | _aBNGR | ||
| 999 |
_c12683 _d12683 |
||